| 000 | 00644nam a22002057a 4500 | ||
|---|---|---|---|
| 008 | 130821s1996 sp frn 001 0 spa d | ||
| 020 | _a8492227710 | ||
| 020 | _a9788492227716 | ||
| 040 |
_aCo-BoUCM _bspa _cJavier Garzón (modificó) _d[Nuevo] |
||
| 041 | 0 | 0 | _aspa |
| 060 | 0 | 0 | _aQZ 4 |
| 100 | 1 |
_aStevens, Alan _946718 |
|
| 245 | 1 | 0 |
_aAnatomía patológica _cAlan Stevens ; James Lowe |
| 260 |
_aMadrid (España) _bMosby _c1996 |
||
| 300 |
_a534 páginas _bilustraciones y gráficas _c1 CD-ROM |
||
| 650 | 0 | 4 |
_aAnatomía _99026 |
| 650 | 0 | 4 |
_aPatología _9323 |
| 700 | 1 |
_aLowe, James _946719 |
|
| 942 |
_cLIBRO _a15 _e1 _mS844a _2NLM _hQZ 4 _n0 |
||
| 999 |
_c84366 _d84366 |
||